US Cities by Top Tourist Attractions - Statistics

General Stats
  • This quiz has been taken 43 times
  • The average score is 15 of 25
Answer Stats
Hint Answer % Correct
Central Park, Metropolitan Museum of Art, Statue of Liberty New York, NY
92%
Golden Gate Bridge, Alcatraz Island, Golden Gate Park San Francisco, CA
92%
White House, United States Capitol, Library of Congress Washington, DC
92%
The Getty, Disneyland Park, Universal Studios Hollywood Los Angeles, CA
89%
Space Needle, Pike Place Market, Museum of Pop Culture Seattle, WA
87%
Museum of Fine Arts, Fenway Park, New England Aquarium Boston, MA
84%
Texas Capitol, Zilker Metropolitan Park, McKinney Falls State Park Austin, TX
82%
Country Music Hall of Fame and Museum, Ryman Auditorium, Grand Ole Opry Nashville, TN
82%
________ Museum of Art, Eastern State Penitentiary, Independence Hall Philadelphia, PA
79%
________ Japanese Garden, ________ Art Museum, Oregon Zoo Portland, OR
79%
The Alamo, __________ River Walk, _______ Missions National Historical Park San Antonio, TX
76%
Winchester Mystery House, California's Great America, The Tech Interactive San Jose, CA
68%
The Museum of Fine Arts, Space Center, ________ Zoo Houston, TX
66%
_________ Zoo, Balboa Park, Hotel del Coronado San Diego, CA
63%
The Art Institute of _______, Navy Pier, Field Museum Chicago, IL
55%
Desert Botanical Garden, ________ Art Museum, ______ Zoo Phoenix, AZ
53%
Carowinds, NASCAR Hall of Fame, US National Whitewater Center Charlotte, NC
37%
________ Zoo & Aquarium, Franklin Park Conservatory and Botanical Gardens, Center of Science and Industry Columbus, OH
34%
_______ Museum of Art, _______ Arboretum and Botanical Garden, Perot Museum of Nature and Science Dallas, TX
32%
________ Art Museum, __________ Botanic Gardens, _________ Museum of Nature & Science Denver, CO
29%
_________ Stockyards, Kimbell Art Museum, __________ Zoo Fort Worth, TX
29%
________ Museum of Art, ________ Zoo and Botanical Gardens, Franklin Mountains State Park El Paso, TX
21%
National Cowboy & Western Heritage Museum, ____________ National Memorial and Museum, Myriad Botanical Gardens Oklahoma City, OK
21%
Children's Museum of __________, Newfields, __________ Zoo Indianapolis, IN
16%
________ Zoo & Gardens, Cummer Museum of Art & Gardens, Museum of Science and History Jacksonville, FL
16%
No matching quizzes found
Score Distribution
Percent of People with Each Score
Percentile by Number Answered
Your Score History
You have not taken this quiz